Initialed People BA-BZ Quiz Stats

 Plays Quiz not verified by Sporcle

Challenge
Share
Tweet
Embed
Score 0/26 Timer 10:00
0 Plays Today
Initials famous person % Correct
BFBenjamin Franklin
85%
BOBarack Obama
85%
BDBob Dylan
70%
BCBilly Crystal
65%
BTBilly Bob Thornton
65%
BZBilly Zane
65%
BABryan Adams
55%
BRBurt Reynolds
50%
BJBilly Joel
45%
BLBert Lahr
45%
BQBrady Quinn
45%
BSBen Stiller
45%
BYBurt Young
45%
Initials famous person % Correct
BKBen Kingsley
40%
BHBonnie Hunt
35%
BMBrittany Murphy
35%
BUBlair Underwood
35%
BWBruce Willis
30%
BEBob Evans
20%
BGBrad Garrett
15%
BVBobby Valentine
15%
BBBrian Blessed
10%
BIBill Irwin
10%
BNBill Nighy
10%
BPBob Peterson
10%
BXBabi Xavier
5%

You're not logged in!

Compare scores with friends on all Sporcle quizzes.
Join for Free
OR
Log In

You Might Also Like...

Show Comments

Extras

Top Quizzes Today


Score Distribution

Your Account Isn't Verified!

In order to create a playlist on Sporcle, you need to verify the email address you used during registration. Go to your Sporcle Settings to finish the process.

Report this User

Report this user for behavior that violates our Community Guidelines.

Details: